| 000 | 00466cam a22001934a 4500 | ||
|---|---|---|---|
| 005 | 20250605164153.0 | ||
| 008 | 250528s ||||||||||||||||||||||||d | ||
| 035 | _a19464 | ||
| 020 | _a9604054163 | ||
| 040 |
_aGR-AtMCL _bgre _dGR-AtMCL _eAACR2 |
||
| 245 | 1 | _aΓΡΑΜΜΙΚΟ ΣΧΕΔΙΟ | |
| 250 | _a1 | ||
| 260 |
_bΊων, _c1993 |
||
| 300 | _a79 | ||
| 700 | 1 |
_aΓεωργιου Ευγενια _95710 |
|
| 942 | _cBK | ||
| 999 |
_c4720 _d4720 |
||